R.C.C.Designs (Record no. 55773)

MARC details
000 -LEADER
fixed length control field 00434nam a2200181Ia 4500
008 - FIXED-LENGTH DATA ELEMENTS--GENERAL INFORMATION
fixed length control field 230524s9999 xx 000 0 und d
020 ## - INTERNATIONAL STANDARD BOOK NUMBER
ISBN 9788131809426
082 ## - DEWEY DECIMAL CLASSIFICATION NUMBER
Item number PUN
100 ## - MAIN ENTRY--AUTHOR NAME
Personal name B.C.Punmia
245 #0 - TITLE STATEMENT
Title R.C.C.Designs
250 ## - EDITION STATEMENT
Edition statement 1
260 ## - PUBLICATION, DISTRIBUTION, ETC. (IMPRINT)
Place of publication New Delhi
Name of publisher Laxmi Pub.
Year of publication 2015
300 ## - PHYSICAL DESCRIPTION
Number of Pages "xxi,1243p;"
500 ## - GENERAL NOTE
General note Quantity Number: 1
650 ## - SUBJECT ADDED ENTRY--TOPICAL TERM
Topical Term Civil
700 ## - ADDED ENTRY--PERSONAL NAME
Personal name Ashok Kumar Jain [etal....]
942 ## - ADDED ENTRY ELEMENTS (KOHA)
Koha item type Books
Holdings
Lost status Damaged status Permanent Location Current Location Shelving location Date acquired Full call number Accession Number Koha item type
    Central Library, Trident Academy of Technology Central Library, Trident Academy of Technology General Stacks 05/24/2023 PUN 52994 Books
Trident Academy of Technology © 2023.
All rights reserved.                                                                                                                                                                                                        Designed by Team of Central Library .

Powered by Koha